| 000 | 00709nam a22002417a 4500 | ||
|---|---|---|---|
| 003 | 0 | ||
| 005 | 20250827121235.0 | ||
| 008 | 250827b xxu||||| |||| 00| 0 eng d | ||
| 020 | _a978-0-7303-9452-5 | ||
| 050 |
_aHF 5415.1265 _b.W33 2025 |
||
| 100 |
_aWaddy, Paul, _eauthor. |
||
| 245 |
_aSelling online / _cPaul Waddy. |
||
| 260 |
_aMelbourne, Vic : _bJohn Wiley & Sons, Australia Ltd, _c2025. |
||
| 300 |
_axii, 360 pages ; _c24 cm. |
||
| 440 | _aFor Dummies | ||
| 440 | _aLearning Made Easy | ||
| 504 | _aIncludes index. | ||
| 650 | _aElectronic commerce. | ||
| 650 | _aInternet marketing. | ||
| 650 | _aOnline shopping. | ||
| 650 |
_aBusiness enterprises _xComputer networks. |
||
| 942 |
_2lcc _cBK |
||
| 999 |
_c367641 _d367641 |
||